Platobné karty

Gespeichert in:
Bibliographische Detailangaben
1. Verfasser: Miháliková, Anna
Format: Buch
Sprache:Slowakisch
Veröffentlicht: Bratislava Elita 1992
Schlagworte:
Tags: Tag hinzufügen
Keine Tags, Fügen Sie das erste Tag hinzu!

MARC

LEADER 00000nam a2200000 4500
001 c001202
005 20221123101821.0
020 |a 80-85323-19-2 
041 0 |a slo 
044 |a SK 
245 1 0 |a Platobné karty  |c Anna Miháliková 
264 1 |a Bratislava  |b Elita  |c 1992 
300 |a 67 s. 
610 2 0 |a karty platobné 
610 2 0 |a styk platobný bezhotovostný 
610 2 0 |a bankomaty 
610 2 0 |a styk platobný 
610 2 0 |a svet 
610 2 0 |a Európa 
610 2 0 |a banky 
610 2 0 |a zabezpečenie technické 
610 2 0 |a zabezpečenie programové 
610 2 0 |a ČSFR 
100 1 |a Miháliková, Anna